书目信息 |
| 题名: |
素味清欢
|
|
| 作者: | 大小素 著 | |
| 分册: | ||
| 出版信息: | 北京 电子工业出版社 2019.01 |
|
| 页数: | 197页 | |
| 开本: | 23cm | |
| 丛书名: | ||
| 单 册: | ||
| 中图分类: | TS972.123 | |
| 科图分类: | ||
| 主题词: | 素菜--su cai--菜谱 | |
| 电子资源: | ||
| ISBN: | 978-7-121-35853-1 | |
| 000 | 00949nam0 2200241 450 | |
| 001 | 0106081823 | |
| 005 | 20201106082044.0 | |
| 010 | @a978-7-121-35853-1@dCNY58.00 | |
| 100 | @a20190406d2019 em y0chiy50 ea | |
| 101 | 0 | @achi |
| 102 | @aCN@b110000 | |
| 105 | @ay z 000yy | |
| 106 | @ar | |
| 200 | 1 | @a素味清欢@Asu wei qing huan@e100道纯净素料理@f大小素著 |
| 210 | @a北京@c电子工业出版社@d2019.01 | |
| 215 | @a197页@d23cm | |
| 330 | @a两位双胞胎姐妹因为身体出现问题而选择纯净素,至今有四年多,想和大家分享她们在纯净素的过程中所学习到生活中的种种领悟,“我是谁?我从哪里来?我将去哪里?”“我们人生中想要的很多,需要的很少,必要的却没有概念。”分享对生活中的领悟时,会穿插分享几道纯素食谱(不含鸡蛋牛奶五辛) | |
| 517 | 1 | @a100道纯净素料理@A100 dao chun jing su liao li |
| 606 | 0 | @a素菜@Asu cai@x菜谱 |
| 690 | @aTS972.123@v5 | |
| 701 | 0 | @a大小素@Ada xiao su@4著 |
| 801 | 0 | @aCN@bBJSZM@c20201106 |
| 905 | @b1192280-3@dTS972.123@e586@f4 | |
| 素味清欢:100道纯净素料理/大小素著.-北京:电子工业出版社,2019.01 |
| 197页;23cm |
| ISBN 978-7-121-35853-1:CNY58.00 |
| 两位双胞胎姐妹因为身体出现问题而选择纯净素,至今有四年多,想和大家分享她们在纯净素的过程中所学习到生活中的种种领悟,“我是谁?我从哪里来?我将去哪里?”“我们人生中想要的很多,需要的很少,必要的却没有概念。”分享对生活中的领悟时,会穿插分享几道纯素食谱(不含鸡蛋牛奶五辛) |
| ● |
| 相关链接 |
|
|
|
|
正题名:素味清欢
索取号:TS972.123/586
 
预约/预借
| 序号 | 登录号 | 条形码 | 馆藏地/架位号 | 状态 | 备注 |
| 1 | 1192280 | 211922801 | 第二样本阅览室/ [索取号:TS972.123/586] | 在馆 | |
| 2 | 1192281 | 211922810 | 第三借阅区/ [索取号:TS972.123/586] | 在馆 | |
| 3 | 1192282 | 211922829 | 第三借阅区/ [索取号:TS972.123/586] | 在馆 | |
| 4 | 1192283 | 211922838 | 第三借阅区/ [索取号:TS972.123/586] | 在馆 |